| 000 | 00904nam a22002538a 4500 | ||
|---|---|---|---|
| 001 | 015880019 | ||
| 003 | Uk | ||
| 005 | 20130131113542.0 | ||
| 008 | 110825s2011 dcu 000 0 eng|d | ||
| 020 | _a1616351195 (pbk.) : | ||
| 020 | _a9781616351199 (pbk.) : | ||
| 082 | 0 | 4 |
_a338.544309051 _223 _bWOR |
| 245 | 0 | 0 |
_aWorld Economic Outlook, September 2011 : _bSlowing Growth, Risking Risks |
| 260 |
_aWashington, D.C. : _bInternational Monetary Fund ; _aLondon : _bEurospan [distributor], _c2011. |
||
| 300 | _a1 v. | ||
| 490 | 0 | _aWorld economic and financial surveys | |
| 504 | _aIncludes bibliographical references. | ||
| 650 | 0 |
_aEconomic history _vStatistics _vPeriodicals. _932187 |
|
| 650 | 0 |
_aEconomic forecasting _vPeriodicals. _932188 |
|
| 650 | 0 |
_aEconomic history _y1990- _vStatistics. _932189 |
|
| 653 |
_bEco _cJanuary2013 |
||
| 710 | 2 |
_aInternational Monetary Fund. _932190 |
|
| 942 |
_2ddc _cBB |
||
| 999 |
_c17182 _d17154 |
||